| 000 | 00539nam a2200193 a 4500 | ||
|---|---|---|---|
| 005 | 20220905203013.0 | ||
| 008 | 991125s1988 mx 000 0 spa u | ||
| 020 | _a9682919444 | ||
| 035 | _aUPN01000012171 | ||
| 049 | _aI | ||
| 050 | 4 |
_aPZ78 _bL64 |
|
| 100 | 0 |
_aEl Fisgón, _d1956- _934465 |
|
| 245 | 1 | 0 |
_aLo creo y no lo veo / _cil. Rafael Barajas, El Fisgón. |
| 260 |
_aMéxico : _bSEP, _c1988. |
||
| 300 |
_a[20] p. : _bprincipalmente il. |
||
| 440 | 0 | _aCascada | |
| 650 | 0 |
_aHumorismo y agudezas mexicanos _93035 |
|
| 905 | _aInfantil | ||
| 999 |
_c12171 _d12171 |
||